[Event "13. Lichtenberger Sommer"]
[Site "?"]
[Date "2014.08.18"]
[Round "3.60"]
[White "Fartmann, Oliver"]
[Black "Krusemark, Gerhard"]
[Result "1-0"]
[WhiteElo "1927"]
[BlackElo "1755"]
[PlyCount "43"]
[EventDate "2014.??.??"]
[WhiteTeam "SV Mattnetz Berlin e.V."]
[BlackTeam "TSG Rot-Weiß Fredersdorf/Vogelsd"]

1. d4 Nf6 2. c4 e6 3. Nc3 d5 4. cxd5 exd5 5. Bg5 Be7 6. e3 c6 7. Bd3 Be6 8. Qc2
Nbd7 9. f4 Nf8 10. Nf3 h6 11. Bxf6 Bxf6 12. O-O Qd6 13. Rab1 O-O-O 14. b4 Kb8
15. Na4 Re8 16. b5 cxb5 17. Bxb5 Re7 18. Nc5 Ka8 19. Nxb7 Rc7 20. Nxd6 Rxc2 21.
Rf2 Rxf2 22. Bc6# 1-0

[Event "13. Lichtenberger Sommer"]
[Site "?"]
[Date "2014.08.18"]
[Round "3.61"]
[White "Olaizola, Miguel"]
[Black "Muskewitz, Bernd"]
[Result "1/2-1/2"]
[WhiteElo "1773"]
[BlackElo "1969"]
[PlyCount "100"]
[EventDate "2014.??.??"]
[WhiteTeam "SK Zehlendorf e.V."]
[BlackTeam "SV Mattnetz Berlin e.V."]

1. e4 c5 2. Nf3 e6 3. d4 cxd4 4. Nxd4 a6 5. a4 Nf6 6. Bd3 Nc6 7. Nxc6 bxc6 8.
a5 Qc7 9. O-O d5 10. exd5 cxd5 11. Be3 Bc5 12. Bg5 Qe5 13. Bxf6 Qxf6 14. Nc3
Rb8 15. Qe2 O-O 16. Na4 Bb4 17. Nb6 Qxb2 18. Rfb1 Qc3 19. Nxc8 Rbxc8 20. Bxa6
Rc5 21. Bd3 Rxa5 22. Rxa5 Bxa5 23. Qh5 g6 24. Qh4 Bd8 25. Qa4 Bf6 26. g3 Bd4
27. Kg2 e5 28. Rd1 Rc8 29. h4 Qc6 30. Qb3 Rc7 31. h5 Rb7 32. Qa3 Ra7 33. Qb3
Qb7 34. Bb5 Ra5 35. Rb1 Ba7 36. h6 Qb6 37. Qf3 e4 38. Qe2 f5 39. c4 Ra3 40. Qb2
Qd4 41. Qxa3 Qxf2+ 42. Kh1 e3 43. Qxa7 Qf3+ 44. Kh2 Qe2+ 45. Kh3 Qh5+ 46. Kg2
Qe2+ 47. Kg1 Qf2+ 48. Kh1 Qf3+ 49. Kh2 Qe2+ 50. Kh1 Qf3+ 1/2-1/2

[Event "13. Lichtenberger Sommer"]
[Site "?"]
[Date "2014.08.18"]
[Round "3.62"]
[White "Raab, Helen"]
[Black "Kujawa, Werner"]
[Result "1-0"]
[WhiteElo "1851"]
[BlackElo "1814"]
[PlyCount "87"]
[EventDate "2014.??.??"]
[WhiteTeam "SC Kreuzberg e.V."]
[BlackTeam "SV Motor Wildau e.V."]

1. e4 e6 2. d4 d5 3. Nd2 Nf6 4. e5 Nfd7 5. Bd3 c5 6. c3 Nc6 7. Ndf3 Qb6 8. Ne2
cxd4 9. cxd4 f6 10. exf6 Nxf6 11. O-O Bd6 12. Nc3 a6 13. a3 O-O 14. Re1 Bd7 15.
b4 Rae8 16. Bg5 Kh8 17. Na4 Qa7 18. Nc5 Bc8 19. Bc2 b6 20. Bxf6 gxf6 21. Nb3
Qf7 22. Qd2 Rg8 23. Qh6 Qg7 24. Qxg7+ Rxg7 25. Rad1 Reg8 26. g3 Ne7 27. Nh4 e5
28. dxe5 fxe5 29. Be4 d4 30. Rc1 Be6 31. Nd2 Rg4 32. Nhf3 Bf5 33. Bxf5 Nxf5 34.
Nxe5 Bxe5 35. Rxe5 Nh4 36. Kf1 Ng6 37. Re6 Nf4 38. Rxb6 Nd3 39. Rcc6 Rf8 40.
Rf6 Rxf6 41. Rxf6 Rg8 42. Rxa6 Re8 43. Nf3 Re4 44. Rd6 1-0

[Event "13. Lichtenberger Sommer"]
[Site "?"]
[Date "2014.08.18"]
[Round "3.63"]
[White "Osten, David"]
[Black "Bailliere, Arne"]
[Result "1-0"]
[WhiteElo "1733"]
[BlackElo "1673"]
[PlyCount "111"]
[EventDate "2014.??.??"]
[WhiteTeam "SF Friedrichshagen"]
[BlackTeam "Sfrd. Berlin 1903 e.V."]

1. e4 e5 2. f4 Bc5 3. Nc3 d6 4. Bc4 Nf6 5. Nf3 O-O 6. d3 Nc6 7. Na4 Na5 8. Bb3
Nxb3 9. axb3 Bg4 10. Nxc5 dxc5 11. O-O Nd7 12. h3 Bxf3 13. Qxf3 f6 14. f5 Qe7
15. g4 Nb8 16. h4 Nc6 17. Be3 Nd4 18. Bxd4 cxd4 19. Qg3 a6 20. Rf2 Rad8 21. Rg2
Rd6 22. Kf2 b5 23. Rag1 c5 24. g5 Rf7 25. g6 Rf8 26. gxh7+ Kxh7 27. Qxg7+ Qxg7
28. Rxg7+ Kh8 29. R1g6 c4 30. Rc7 Rfd8 31. bxc4 bxc4 32. Rxc4 Rb6 33. b3 Rd7
34. h5 Kh7 35. h6 Rf7 36. Rc8 Rbb7 37. Ke2 Rbc7 38. Rxc7 Rxc7 39. Rg7+ Rxg7 40.
hxg7 Kxg7 41. Kd2 Kf7 42. c4 dxc3+ 43. Kxc3 Ke7 44. d4 Kd7 45. dxe5 fxe5 46.
Kc4 Kd6 47. f6 Ke6 48. Kc5 Kxf6 49. Kd6 Kf7 50. Kxe5 Ke7 51. Kd5 Kd7 52. e5 Kd8
53. Ke6 Ke8 54. Kd6 Kd8 55. e6 Ke8 56. e7 1-0

[Event "13. Lichtenberger Sommer"]
[Site "?"]
[Date "2014.08.18"]
[Round "3.65"]
[White "George, Tom"]
[Black "Born, Jonathan"]
[Result "1-0"]
[WhiteElo "1897"]
[BlackElo "1706"]
[PlyCount "99"]
[EventDate "2014.??.??"]
[WhiteTeam "SG Blau-Weiß Stadtilm"]
[BlackTeam "SV Königsjäger Süd-West e.V."]

1. Nc3 d5 2. e4 dxe4 3. Nxe4 Nd7 4. f4 c6 5. Qe2 Ndf6 6. Nf2 e6 7. Nf3 h5 8. g3
Nh6 9. Nd3 Nf5 10. b3 Nd4 11. Nxd4 Qxd4 12. Bb2 Qe4 13. O-O-O Qxh1 14. Bg2
Qxd1+ 15. Kxd1 Be7 16. Bd4 O-O 17. Bxf6 Bxf6 18. Qxh5 Bd7 19. Nc5 Bc8 20. c3
Rb8 21. Ne4 Be7 22. Ng5 Bxg5 23. Qxg5 Bd7 24. Qa5 a6 25. Qc7 Rfd8 26. Kc2 Kh7
27. g4 g6 28. h4 Kh6 29. g5+ Kg7 30. Qe5+ Kh7 31. Be4 Kg8 32. Qf6 Be8 33. d4
Rd6 34. h5 gxh5 35. Qh6 Rbd8 36. Bh7+ Kh8 37. Bg6+ Kg8 38. Qh7+ Kf8 39. Qh8+
Ke7 40. Qf6+ Kf8 41. Bxh5 Kg8 42. Kb2 Rd5 43. g6 R8d7 44. Bg4 R5d6 45. g7 Kh7
46. Qg5 Kg8 47. Qh6 f5 48. Qh8+ Kf7 49. g8=Q+ Ke7 50. Qxe8# 1-0

[Event "13. Lichtenberger Sommer"]
[Site "?"]
[Date "2014.08.18"]
[Round "3.66"]
[White "Schmitt, Jens-Ole"]
[Black "Willich, Manfred"]
[Result "0-1"]
[WhiteElo "1691"]
[BlackElo "1961"]
[PlyCount "66"]
[EventDate "2014.??.??"]
[WhiteTeam "SG Narva Berlin e.V."]
[BlackTeam "SK Turm Bad Hersfeld"]

1. e4 c5 2. Nf3 e6 3. d4 cxd4 4. Nxd4 a6 5. Nc3 Qc7 6. Be2 Nf6 7. O-O Nc6 8.
Be3 Bb4 9. f3 O-O 10. Kh1 d6 11. Nb3 Bxc3 12. bxc3 Ne5 13. Bd4 b5 14. f4 Ned7
15. Qd3 Bb7 16. Bf3 e5 17. Be3 Rac8 18. Bd2 exf4 19. Qe2 Rfe8 20. g3 fxg3 21.
hxg3 Bxe4 22. Bxe4 Rxe4 23. Qg2 Rce8 24. Nd4 h5 25. Rf4 Nc5 26. Raf1 Rxf4 27.
gxf4 Qb7 28. Nf3 Qd7 29. Rg1 Qg4 30. Qf1 Qf5 31. Qg2 Ng4 32. Nh2 Qe4 33. Nf3
Qe2 0-1

[Event "13. Lichtenberger Sommer"]
[Site "?"]
[Date "2014.08.18"]
[Round "3.67"]
[White "Petersen, Moritz"]
[Black "Mueller, Joerg"]
[Result "1-0"]
[WhiteElo "1711"]
[BlackElo "1850"]
[PlyCount "109"]
[EventDate "2014.??.??"]
[WhiteTeam "SV Glück auf Rüdersdorf e.V."]
[BlackTeam "vereinslos"]

1. d4 g6 2. c4 c6 3. Nf3 d6 4. Nc3 Nf6 5. Bg5 Bg7 6. e4 Nfd7 7. Be2 f6 8. Be3
O-O 9. Qd2 Rf7 10. Bh6 Qf8 11. Bxg7 Qxg7 12. O-O-O Na6 13. Rdg1 Nc7 14. Nh4 Nf8
15. f4 f5 16. e5 dxe5 17. dxe5 e6 18. g4 b6 19. gxf5 exf5 20. Bf3 Bd7 21. Ng2
Rc8 22. Ne3 Re8 23. Qg2 Kh8 24. Bxc6 Bxc6 25. Qxc6 Re6 26. Qf3 a6 27. Kb1 Nd7
28. Ned5 Nc5 29. Rd1 Qf8 30. Nxc7 Rxc7 31. Nd5 Rc8 32. Nf6 Rxf6 33. exf6 Qxf6
34. Qc3 Qxc3 35. bxc3 Ne4 36. Rd4 Nxc3+ 37. Kb2 Ne2 38. Rd2 Nxf4 39. Re1 Nh5
40. Re6 Rb8 41. Kc2 a5 42. Red6 Nf4 43. Rd8+ Rxd8 44. Rxd8+ Kg7 45. Rd6 h5 46.
Rxb6 Ne2 47. Kd2 Nd4 48. Ke3 Nc2+ 49. Kf4 Kh6 50. c5 Nd4 51. Rd6 Nb5 52. Rd7 a4
53. c6 a3 54. c7 Na7 55. Rd8 1-0

[Event "13. Lichtenberger Sommer"]
[Site "?"]
[Date "2014.08.18"]
[Round "3.68"]
[White "Hintze, Emanuel"]
[Black "Waitz, Marco"]
[Result "0-1"]
[WhiteElo "1922"]
[BlackElo "1984"]
[PlyCount "60"]
[EventDate "2014.??.??"]
[WhiteTeam "SK Zehlendorf e.V."]
[BlackTeam "BSV 63 Chemie Weißensee"]

1. e4 e5 2. Nf3 Nf6 3. d3 Nc6 4. Be2 Bc5 5. O-O d6 6. Nc3 h6 7. a3 a6 8. h3 Be6
9. Re1 O-O 10. Bf1 Nd4 11. Nxd4 Bxd4 12. Ne2 Ba7 13. Nc3 c6 14. Be3 Bxe3 15.
Rxe3 Nd7 16. Re1 f5 17. d4 fxe4 18. dxe5 d5 19. b4 Qg5 20. Re3 Nxe5 21. Rg3 Qf4
22. Qe1 Rf6 23. Rd1 Raf8 24. Rd2 h5 25. Nd1 h4 26. Re3 Rg6 27. Be2 Rf5 28. a4
Rfg5 29. Qf1 Nf3+ 30. Bxf3 exf3 0-1

[Event "13. Lichtenberger Sommer"]
[Site "?"]
[Date "2014.08.18"]
[Round "3.69"]
[White "Prix, Siegfried"]
[Black "Fiedler, Wolfgang"]
[Result "0-1"]
[WhiteElo "1777"]
[BlackElo "1928"]
[PlyCount "122"]
[EventDate "2014.??.??"]
[WhiteTeam "Sfrd. Berlin 1903 e.V."]
[BlackTeam "SV Berolina Mitte e.V."]

1. e4 d5 2. exd5 Nf6 3. d4 Nxd5 4. c4 Nb6 5. Nc3 c6 6. Bf4 Bf5 7. Nf3 e6 8. Bd3
Bxd3 9. Qxd3 Be7 10. O-O N8d7 11. Rad1 g5 12. Bg3 h5 13. h3 g4 14. hxg4 hxg4
15. Ne5 Nxe5 16. Bxe5 Bf6 17. Rfe1 Bxe5 18. Rxe5 Qh4 19. Kf1 O-O-O 20. g3 Qf6
21. b3 Rh1+ 22. Ke2 Rxd1 23. Nxd1 Nd7 24. Re3 Nc5 25. Qc3 Qxd4 26. Qxd4 Rxd4
27. Re5 Re4+ 28. Rxe4 Nxe4 29. Ke3 f5 30. Kf4 Kd7 31. f3 gxf3 32. Kxf3 Kd6 33.
g4 Ke5 34. gxf5 exf5 35. Ne3 b6 36. Nc2 f4 37. Nb4 Ng5+ 38. Ke2 Kd6 39. c5+
Kxc5 40. Nd3+ Kd4 41. Nxf4 Kc3 42. Nd3 Nf3 43. Ke3 Nd4 44. Ne5 c5 45. Nc4 Nc2+
46. Ke4 Nb4 47. Nd6 Nxa2 48. Nb5+ Kxb3 49. Nxa7 c4 50. Nc6 Nc3+ 51. Ke3 Nb5 52.
Kd2 Kb2 53. Nb4 Nd4 54. Nd5 b5 55. Ke3 Nc2+ 56. Kd2 b4 57. Nb6 c3+ 58. Kd3 Kb3
59. Nd5 Ne1+ 60. Ke2 c2 61. Kd2 Kb2 0-1

[Event "13. Lichtenberger Sommer"]
[Site "?"]
[Date "2014.08.18"]
[Round "3.70"]
[White "Peter, Volkhard"]
[Black "Junge, Wolfgang"]
[Result "0-1"]
[WhiteElo "1815"]
[BlackElo "1848"]
[PlyCount "78"]
[EventDate "2014.??.??"]
[WhiteTeam "Schachclub Oranienburg e.V."]
[BlackTeam "SC Friesen Lichtenberg e.V."]

1. e4 e5 2. f4 exf4 3. Bc4 Qh4+ 4. Kf1 Nf6 5. Nf3 Qh5 6. Nc3 d6 7. d4 Be6 8.
Bxe6 fxe6 9. Bxf4 Nfd7 10. Qd3 c6 11. Ne2 Be7 12. Bg3 O-O 13. Nf4 Qf7 14. Qb3
d5 15. Qxb7 Nb6 16. Ne5 Qe8 17. Ke2 Bd6 18. exd5 Bxe5 19. dxe5 cxd5 20. Qc7
Qb5+ 21. Ke3 Qxb2 22. Nxe6 N8d7 23. Nxf8 Nc4+ 24. Qxc4 dxc4 25. Nxd7 Qc3+ 26.
Kf4 Qd4+ 27. Kf3 Qxd7 28. Rhd1 Rf8+ 29. Ke3 Qc6 30. Rd2 c3 31. Re2 Qc5+ 32. Ke4
Rd8 33. Kf3 Qd4 34. Re4 Rf8+ 35. Bf4 Qd5 36. h4 h6 37. h5 Qd2 38. Kg3 Qxc2 39.
Rc1 Qxe4 0-1

[Event "13. Lichtenberger Sommer"]
[Site "?"]
[Date "2014.08.18"]
[Round "3.71"]
[White "König, Dennis"]
[Black "Deutschbein, Christopher"]
[Result "0-1"]
[WhiteElo "1620"]
[BlackElo "1984"]
[PlyCount "62"]
[EventDate "2014.??.??"]
[WhiteTeam "SV Königsjäger Süd-West e.V."]
[BlackTeam "Bille SC von 1924 e.V."]

1. d4 Nf6 2. Nf3 g6 3. Bf4 Bg7 4. e3 O-O 5. Nbd2 d6 6. Be2 Nh5 7. Bg5 h6 8. Bh4
c5 9. c3 Nd7 10. Qc2 a6 11. Ne4 Nhf6 12. Nxf6+ Nxf6 13. O-O cxd4 14. cxd4 Bf5
15. Qb3 g5 16. Bg3 b5 17. Rac1 Rc8 18. Qd1 Qa5 19. a3 Ne4 20. b4 Qb6 21. Qb3
Be6 22. Qb2 Bd5 23. Nd2 Nxg3 24. hxg3 e5 25. e4 exd4 26. Bd3 Be6 27. Rxc8 Rxc8
28. Rc1 Rc3 29. Bf1 Qc7 30. Rd1 Rc2 31. Qb1 Ba2 0-1

[Event "13. Lichtenberger Sommer"]
[Site "?"]
[Date "2014.08.18"]
[Round "3.72"]
[White "Stein, Siegfried"]
[Black "Mildenberger, Hans"]
[Result "0-1"]
[WhiteElo "1819"]
[BlackElo "1632"]
[PlyCount "76"]
[EventDate "2014.??.??"]
[WhiteTeam "SV Berolina Mitte e.V."]
[BlackTeam "BVG-Helmholz"]

1. e4 e6 2. d4 d5 3. e5 c5 4. c3 Qb6 5. Nf3 Nc6 6. Bd3 Nge7 7. dxc5 Qc7 8. O-O
Ng6 9. b4 Ncxe5 10. Nxe5 Qxe5 11. Bb5+ Kd8 12. Re1 Qc7 13. Qxd5+ Bd7 14. Qc4
Bxb5 15. Qxb5 Be7 16. Na3 Bf6 17. Be3 Ke7 18. Qc4 a6 19. Rad1 Rhd8 20. Qb3 Qc6
21. Nc4 Rxd1 22. Rxd1 h6 23. Rd6 Qc7 24. Nb6 Rd8 25. c4 Be5 26. Qd1 Bxd6 27.
cxd6+ Rxd6 28. Qc2 Rxb6 29. Bxb6 Qxb6 30. Qb3 Qd4 31. h3 Qe4 32. f3 Qe2 33. f4
Qe1+ 34. Kh2 Qf2 35. a4 Nxf4 36. Qf3 Qxf3 37. gxf3 e5 38. a5 Kd6 0-1

[Event "13. Lichtenberger Sommer"]
[Site "?"]
[Date "2014.08.18"]
[Round "3.73"]
[White "Weiß, Daniel"]
[Black "Bonke, Hans-Jürgen"]
[Result "0-1"]
[WhiteElo "1741"]
[BlackElo "1951"]
[PlyCount "68"]
[EventDate "2014.??.??"]
[WhiteTeam "Sfr.Nord-Ost Berlin"]
[BlackTeam "SC Kreuzberg e.V."]

1. Nf3 g6 2. d4 Bg7 3. Bf4 d6 4. e3 e6 5. Be2 Nd7 6. O-O Ne7 7. c4 O-O 8. Nc3
h6 9. Qc2 b6 10. Rad1 Bb7 11. Rfe1 g5 12. Bg3 f5 13. h3 Nf6 14. Nd2 a6 15. b4
g4 16. hxg4 Nxg4 17. Nf1 h5 18. f3 Nf6 19. e4 Qc8 20. e5 dxe5 21. dxe5 Nh7 22.
f4 h4 23. Bxh4 Ng6 24. Bg3 Bh6 25. Qc1 Rf7 26. Bh5 Rg7 27. Re2 Nhf8 28. Qe3 Bc6
29. Red2 b5 30. Qc5 Qb7 31. Bxg6 Rxg6 32. Rd8 Bxg2 33. Kh2 Bxf1 34. Rxf1 Rxd8
0-1

[Event "13. Lichtenberger Sommer"]
[Site "?"]
[Date "2014.08.18"]
[Round "3.74"]
[White "Scheide, Helmut"]
[Black "Fuchs, Linda"]
[Result "1-0"]
[WhiteElo "1947"]
[BlackElo "1596"]
[PlyCount "35"]
[EventDate "2014.??.??"]
[WhiteTeam "USV Potsdam e.V., Abt. Schach"]
[BlackTeam "SC Untergrombach 46"]

1. d4 d5 2. c4 e6 3. Nc3 Nf6 4. Nf3 Be7 5. e3 O-O 6. Bd3 b6 7. O-O Bb7 8. Ne5
c5 9. cxd5 cxd4 10. exd4 Nxd5 11. Re1 Nc6 12. Nxd5 Qxd5 13. Be4 Qd6 14. Bf4
Rfe8 15. Bxh7+ Kxh7 16. Qh5+ Kg8 17. Qxf7+ Kh7 18. Re3 1-0

[Event "13. Lichtenberger Sommer"]
[Site "?"]
[Date "2014.08.18"]
[Round "3.75"]
[White "Bollenbach, Horst"]
[Black "Schilling, Hans"]
[Result "1-0"]
[WhiteElo "1752"]
[BlackElo "1846"]
[PlyCount "35"]
[EventDate "2014.??.??"]
[WhiteTeam "SC Friesen Lichtenberg e.V."]
[BlackTeam "Sfr.Nord-Ost Berlin"]

1. d4 d5 2. Nf3 Nf6 3. c4 e6 4. Nc3 c5 5. e3 Nc6 6. Be2 a6 7. Ne5 Nxe5 8. dxe5
Nd7 9. cxd5 Nxe5 10. O-O exd5 11. f4 d4 12. fxe5 dxc3 13. Qxd8+ Kxd8 14. Rxf7
cxb2 15. Bxb2 b5 16. Bf3 Be6 17. Rd1+ Ke8 18. Rc7 1-0

[Event "13. Lichtenberger Sommer"]
[Site "?"]
[Date "2014.08.18"]
[Round "3.76"]
[White "Jensen, Johnny"]
[Black "Engelhardt, Erhard"]
[Result "1/2-1/2"]
[WhiteElo "1873"]
[BlackElo "1799"]
[PlyCount "106"]
[EventDate "2014.??.??"]
[WhiteTeam "Aros Skakklub"]
[BlackTeam "SSV Rotation Berlin e.V."]

1. e4 d5 2. exd5 Qxd5 3. Nc3 Qd6 4. d4 Nf6 5. Nf3 c6 6. Bc4 Bg4 7. Be3 e6 8. h3
Bh5 9. g4 Bg6 10. Qe2 Be7 11. O-O-O Nd5 12. Bxd5 exd5 13. Ne5 O-O 14. Bf4 Qd8
15. Rde1 Bb4 16. Nxg6 hxg6 17. Bd2 Nd7 18. a3 Bxc3 19. Bxc3 Re8 20. Qf3 Qf6 21.
Qxf6 Nxf6 22. f3 Nd7 23. Bb4 f6 24. b3 Kf7 25. h4 Rxe1+ 26. Rxe1 Re8 27. Rxe8
Kxe8 28. Kd2 Kf7 29. Kd3 Ke6 30. Ke3 b6 31. c4 a6 32. Bc3 b5 33. c5 Nf8 34. Kf4
Kf7 35. Ke3 Ne6 36. f4 f5 37. g5 Kg8 38. Ba5 Kf7 39. Bb6 Kg8 40. Ba7 Kf7 41.
Bb8 Kg8 42. Be5 Kf7 43. Kd3 Ke8 44. Kc3 Kd7 45. Kb4 Kc8 46. Ka5 Kb7 47. Kb4 Kc8
48. Kc3 Kb7 49. Kd3 Kc8 50. Ke3 Kd7 51. Kf3 Ke8 52. Kg3 Kf7 53. Kh3 Kg8 1/2-1/2

[Event "13. Lichtenberger Sommer"]
[Site "?"]
[Date "2014.08.18"]
[Round "3.77"]
[White "Woinowski, Michael"]
[Black "Rollwitz, Jürgen"]
[Result "1/2-1/2"]
[WhiteElo "1731"]
[BlackElo "1987"]
[PlyCount "36"]
[EventDate "2014.??.??"]
[WhiteTeam "SC Kreuzberg e.V."]
[BlackTeam "SC Rochade e.V."]

1. e4 e5 2. Nf3 d6 3. d4 exd4 4. Nxd4 Nf6 5. Nc3 Be7 6. Be2 O-O 7. O-O Re8 8.
f4 Bf8 9. Bf3 c6 10. Nb3 Nbd7 11. Be3 Qc7 12. Qe2 Nb6 13. Rad1 Be6 14. Nd2 Rad8
15. f5 Bc8 16. Bf4 Nbd7 17. Nc4 Ne5 18. Kh1 b5 1/2-1/2

[Event "13. Lichtenberger Sommer"]
[Site "?"]
[Date "2014.08.18"]
[Round "3.78"]
[White "Tschirschwitz, Stephan"]
[Black "Schubert, Joachim"]
[Result "0-1"]
[WhiteElo "1604"]
[BlackElo "1848"]
[PlyCount "62"]
[EventDate "2014.??.??"]
[WhiteTeam "SG Lasker Steglitz-Wilmersdorf"]
[BlackTeam "SC Friesen Lichtenberg e.V."]

1. d4 d5 2. c4 Nf6 3. Nf3 e6 4. Bg5 Be7 5. e3 Nbd7 6. Bd3 b6 7. cxd5 Nxd5 8.
Bxe7 Qxe7 9. a3 O-O 10. Nc3 Bb7 11. Nxd5 Bxd5 12. e4 Bb7 13. O-O c5 14. Re1
cxd4 15. Nxd4 Ne5 16. Nf3 Ng6 17. Qb3 Rfd8 18. g3 Rd7 19. Bb5 Rc7 20. Rad1 h6
21. Qe3 Qf6 22. Rd2 Rac8 23. Ree2 Kh7 24. Bd3 Rc5 25. Kg2 Kg8 26. Qd4 Qxd4 27.
Nxd4 Ne5 28. Bb1 Rc1 29. Ba2 Ra1 30. Bb3 Ba6 31. Re3 Bf1+ 0-1

[Event "13. Lichtenberger Sommer"]
[Site "?"]
[Date "2014.08.18"]
[Round "3.79"]
[White "Lischeid, Kilian"]
[Black "Reiser, Ralf"]
[Result "0-1"]
[WhiteElo "1642"]
[BlackElo "1755"]
[PlyCount "56"]
[EventDate "2014.??.??"]
[WhiteTeam "Schachunion Berlin e.V."]
[BlackTeam "Schachunion Berlin e.V."]

1. c4 Nf6 2. d4 e6 3. Nc3 Bb4 4. Bd2 b6 5. Nf3 Ba6 6. e3 O-O 7. Be2 Bb7 8. O-O
d5 9. Rc1 dxc4 10. Bxc4 Nbd7 11. Ne5 c5 12. a3 cxd4 13. axb4 Nxe5 14. Ne2 Nxc4
15. exd4 Nxd2 16. Qxd2 Qd7 17. f3 Rac8 18. Ra1 Bc6 19. Nc3 Nd5 20. Rfc1 Nxb4
21. Rd1 a5 22. Qf2 a4 23. Rac1 b5 24. Qd2 Na6 25. Na2 Rfd8 26. Nb4 Nxb4 27.
Qxb4 Bd5 28. Rc5 Bc4 0-1

[Event "13. Lichtenberger Sommer"]
[Site "?"]
[Date "2014.08.18"]
[Round "3.80"]
[White "Karge, Ole Jannes"]
[Black "Brüning, Wolfgang"]
[Result "0-1"]
[WhiteElo "1494"]
[BlackElo "1893"]
[PlyCount "68"]
[EventDate "2014.??.??"]
[WhiteTeam "SV Mattnetz Berlin e.V."]
[BlackTeam "Queer-Springer SSV Berlin"]

1. e4 c5 2. d4 cxd4 3. c3 d3 4. Nf3 Nc6 5. Bf4 d6 6. Bxd3 e5 7. Be3 Be7 8. O-O
Nf6 9. Bc4 O-O 10. Qb3 Na5 11. Qa4 Bd7 12. Bb5 Bxb5 13. Qxb5 a6 14. Qd3 Qc7 15.
Nbd2 Rfd8 16. c4 Nc6 17. b3 Rab8 18. a4 Nd7 19. Rac1 Nc5 20. Qc2 Nb4 21. Qb1 b5
22. Qa1 bxa4 23. Bxc5 dxc5 24. Qxa4 Rd3 25. Rfd1 Rbd8 26. Qa1 Qd6 27. Qb2 Rxf3
28. Nxf3 Qxd1+ 29. Ne1 Qd2 30. Qxd2 Rxd2 31. Nf3 Re2 32. Nxe5 Rxe4 33. Nd7 Rd4
34. Nb6 f5 0-1

[Event "13. Lichtenberger Sommer"]
[Site "?"]
[Date "2014.08.18"]
[Round "3.81"]
[White "Alcer, Fabian"]
[Black "Eichstädt, Torsten"]
[Result "1-0"]
[WhiteElo "1760"]
[BlackElo "967"]
[PlyCount "69"]
[EventDate "2014.??.??"]
[WhiteTeam "SV Empor Berlin e.V."]
[BlackTeam "SC Friesen Lichtenberg e.V."]

1. e4 c6 2. d4 d5 3. Nd2 dxe4 4. Nxe4 Nf6 5. Ng3 c5 6. dxc5 Qxd1+ 7. Kxd1 e5 8.
b4 Nc6 9. c3 Bd7 10. Kc2 a6 11. f3 g6 12. Bg5 Bg7 13. Bxf6 Bxf6 14. Ne4 Bf5 15.
a4 O-O 16. g4 Bxe4+ 17. fxe4 Bg5 18. Bc4 Kh8 19. Nf3 Bf4 20. b5 axb5 21. axb5
Rxa1 22. Rxa1 Ne7 23. Ra7 f5 24. gxf5 gxf5 25. Rxb7 fxe4 26. Nxe5 Bxe5 27. Rxe7
Bxh2 28. Rxe4 Rf5 29. c6 Rc5 30. Re8+ Kg7 31. Re7+ Kf6 32. Rxh7 Rxc4 33. Rxh2
Ke6 34. Kb3 Re4 35. Rd2 1-0

[Event "13. Lichtenberger Sommer"]
[Site "?"]
[Date "2014.08.18"]
[Round "3.82"]
[White "Duijker, Bert"]
[Black "Wolff, Marie Antoinette"]
[Result "1-0"]
[WhiteElo "1926"]
[BlackElo "1707"]
[PlyCount "83"]
[EventDate "2014.??.??"]
[WhiteTeam "Bennekomse S.V."]
[BlackTeam "Leegebrucher Schachfreunde"]

1. Nf3 c5 2. c4 Nc6 3. d4 cxd4 4. Nxd4 Nf6 5. Nc3 g6 6. e4 d6 7. Be2 Bg7 8. Be3
O-O 9. O-O a6 10. f3 Rb8 11. Rc1 Bd7 12. Qd2 Ne8 13. Nd5 Nc7 14. Nxc6 bxc6 15.
Nc3 c5 16. b3 Qc8 17. Rfd1 f5 18. Bxc5 dxc5 19. Qxd7 Bd4+ 20. Rxd4 cxd4 21.
Qxd4 Ne6 22. Qe5 fxe4 23. Nxe4 Nf4 24. Bf1 Qd7 25. Qc3 Rbd8 26. c5 Nd5 27. Qc4
e6 28. c6 Qc7 29. Qxa6 Qf4 30. Qc4 Rc8 31. b4 Qe3+ 32. Kh1 Kh8 33. b5 Rf5 34.
Nd6 Rf4 35. Qc2 Rd4 36. Nxc8 Rd2 37. Qb3 Qf2 38. Nd6 Rb2 39. Ne4 Qd4 40. Qd3
Qb6 41. Nc3 Nf4 42. Qd6 1-0

[Event "13. Lichtenberger Sommer"]
[Site "?"]
[Date "2014.08.18"]
[Round "3.83"]
[White "Schröter, Maik"]
[Black "Dietzel, Uwe"]
[Result "1-0"]
[WhiteElo "1854"]
[BlackElo "1705"]
[PlyCount "87"]
[EventDate "2014.??.??"]
[WhiteTeam "SG Blau-Weiß Stadtilm"]
[BlackTeam "TSV Lichtentanne SAbt"]

1. e4 e5 2. Nf3 Nf6 3. Nc3 Nc6 4. a3 d6 5. h3 Be7 6. d4 a6 7. dxe5 dxe5 8.
Qxd8+ Bxd8 9. Bg5 Be6 10. O-O-O O-O 11. Be2 Nd7 12. Bxd8 Nxd8 13. Ng5 Nb6 14.
Nxe6 Nxe6 15. Bg4 Rfd8 16. Nd5 Nxd5 17. Rxd5 c6 18. Rxe5 Rd6 19. Bxe6 fxe6 20.
Rd1 Rad8 21. Rxd6 Rxd6 22. Rc5 Kf7 23. Rc3 Rd4 24. f3 Ke7 25. Rd3 Rc4 26. Kd2
Rc5 27. Rb3 b5 28. Rc3 Rg5 29. g4 Kd6 30. f4 Rg6 31. Rd3+ Kc7 32. b4 Rf6 33.
Ke3 Rf7 34. e5 Re7 35. Ke4 g6 36. f5 gxf5+ 37. gxf5 exf5+ 38. Kxf5 Rf7+ 39. Ke6
Rf2 40. Ke7 Rf1 41. e6 Re1 42. Rf3 Re2 43. Rf7 h5 44. Kf8+ 1-0

[Event "13. Lichtenberger Sommer"]
[Site "?"]
[Date "2014.08.18"]
[Round "3.84"]
[White "Scholta, Danilo"]
[Black "Ritter, Uwe"]
[Result "0-1"]
[WhiteElo "1761"]
[BlackElo "1945"]
[PlyCount "20"]
[EventDate "2014.??.??"]
[WhiteTeam "SV Empor Berlin e.V."]
[BlackTeam "Reideburger SV 90 Halle"]

1. e4 e6 2. d4 d5 3. Nc3 dxe4 4. Nxe4 Bd7 5. Nf3 Bc6 6. Bd3 Nf6 7. Ng3 Nbd7 8.
O-O Bd6 9. c4 Bxf3 10. Qxf3 c6 0-1

[Event "13. Lichtenberger Sommer"]
[Site "?"]
[Date "2014.08.18"]
[Round "3.85"]
[White "Grassi, Fabrizio"]
[Black "Leyrer, Edgar"]
[Result "1-0"]
[WhiteElo "1893"]
[BlackElo "1610"]
[PlyCount "68"]
[EventDate "2014.??.??"]
[WhiteTeam "SV Berlin-Friedrichstadt"]
[BlackTeam "SV Königsjäger Süd-West e.V."]

1. d4 d5 2. Bf4 Nf6 3. e3 c5 4. c3 Nc6 5. Nd2 Qb6 6. Qb3 c4 7. Qc2 g6 8. e4
dxe4 9. Bxc4 Bf5 10. Be3 Qd8 11. Qb3 e6 12. Qxb7 Qc8 13. Ba6 Ne7 14. Qb5+ Qc6
15. Qxc6+ Nxc6 16. Bb7 Nb4 17. cxb4 Rb8 18. Bc6+ Kd8 19. b5 Bb4 20. a3 Ba5 21.
b4 Bb6 22. Ne2 Nd5 23. Bg5+ f6 24. Bxd5 fxg5 25. Bxe4 Ke7 26. Bxf5 gxf5 27. Nc4
Bc7 28. a4 Rhd8 29. Ne5 Bxe5 30. dxe5 a6 31. O-O axb5 32. a5 Rd5 33. Rfd1 Rxe5
34. Nd4 Kf6 1-0

[Event "13. Lichtenberger Sommer"]
[Site "?"]
[Date "2014.08.18"]
[Round "3.86"]
[White "Schindler, Rudolf"]
[Black "Theilig, Reinhard"]
[Result "1-0"]
[WhiteElo "1846"]
[BlackElo "1675"]
[PlyCount "79"]
[EventDate "2014.??.??"]
[WhiteTeam "SG Lasker Steglitz-Wilmersdorf"]
[BlackTeam "VfB Hermsdorf e.V."]

1. Nf3 d6 2. b3 Nf6 3. g3 g6 4. Bb2 Bg7 5. Bg2 O-O 6. O-O c5 7. c4 Nc6 8. d3
Rb8 9. Nc3 Bd7 10. e3 Qc8 11. Re1 Bg4 12. Qb1 a6 13. Nd5 b5 14. cxb5 Rxb5 15.
Nf4 e5 16. Ne2 e4 17. Nd2 exd3 18. Qxd3 Rd8 19. Nc3 Ne5 20. Qf1 Rb8 21. Rac1
Qe6 22. f3 c4 23. fxg4 Nd3 24. Nxc4 Nxc1 25. Bxc1 Nxg4 26. Bd5 Qf6 27. Bb2
Qxf1+ 28. Rxf1 Nf6 29. Bxf7+ Kxf7 30. Nd5 Ke6 31. Bxf6 Bxf6 32. Nxf6 d5 33. Nb2
Rb7 34. Nd3 Rc8 35. e4 dxe4 36. Nxe4 Ke7 37. Ne5 Ke6 38. Nc4 Ke7 39. Ned6 Rxc4
40. Nxc4 1-0